Statistiken für Länder mit den meisten Mordfällen

Klicken Sie hier um das Quiz zu spielen!

Allgemein

  • Dieses Quiz wurde 251 mal gespielt
  • Das Durchschnittsergebnis liegt bei 9 aus 20

Antwortstatistiken

RankingMordfälle pro 100.000 EinwohnerLand% Korrekt
1229,1Mexiko
91%
1327,4Brasilien
85%
1525,3Kolumbien
77%
636,7Venezuela
69%
836,4Südafrika
58%
152El Salvador
56%
438,9Honduras
55%
934,5Nigeria
52%
1622,5Guatemala
51%
537,8Belize
48%
243,9Jamaika
36%
1914,2Guyana
33%
1032Bahamas
24%
1130,6Trinidad und Tobago
23%
1426,6Dominica
19%
343,6Lesotho
19%
736,5St. Vincent und die Grenadinen
19%
1721,4St. Lucia
18%
1820,1Zentralafrikanische Republik
14%
2012,5Seychellen
7%

Verteilung der Resultate

Perzentil nach korrekt beantworteten Fragen

Anzahl Personen mit jedem Resultat

Ihre Resultats-Entwicklung

Sie haben dieses Quiz noch nicht gespielt